Music Quiz

Random Music or Album Quiz
Score 0/7 Timer 02:00
7 Plays Today
Lyrics Song % Correct
And I remember that fight, 2:30 am, as everything was slipping right out of our hands...Mine
86.3%
I miss screaming and fighting and kissing in the rain, it's 2 am and I'm cursing your name...The Way I Loved You
72.1%
The lingering question, kept me up, 2 am, who do you love...Enchanted
67.3%
It's 2 AM in your car, windows down, you pass my street, the memories startI Wish You Would
65.2%
I still remember the look on your face, lit through the darkness, at 1:58...Last Kiss
60.7%
It's 2 am, feeling like I just lost a friend...Breathe
53.6%
Take me back to the creek beds we turned up, 2 am riding in your truck, and all I need is you next to me...Mary's Song (Oh My My My)
49.8%

You're not logged in!

Compare scores with friends on all Sporcle quizzes.
OR
Log In

Sporcle TV

Today on Sporcle TV


Watch our educational content, quiz creation guides, and fun videos on Sporcle TV.

Show Comments

Extras

Top Quizzes Today


Score Distribution

Paid Content

Your Account Isn't Verified!

In order to create a playlist on Sporcle, you need to verify the email address you used during registration. Go to your Sporcle Settings to finish the process.

Report this User

Report this user for behavior that violates our Community Guidelines.

Details: